Datum a čas kvízu
16.5
Celkem bodů
Celkový počet nahraných bodů na tomto kvízu bez doplňovacích otázek.
15.
Pořadí na kvízu
Konečné umístění týmu na tomto kvízu.
Zaznamenané odpovědi
| # | Otázka | Odpověď | Body | Výsledky |
|---|---|---|---|---|
| 1. | Jak se jmenuje hejtman, který... | Jan Krkoška, Moravskoslezský kraj | 0 | |
| 2. | V sobotu se konalo 1. kolo pre... | 9 za bod, (8 a 10 za půl bodu) | 0.5 | |
| 3. | Ve středu začal v pražské Luce... | Jeden svět | 0 | |
| 4. | Týmu lékařů z nemocnice v amer... | o ledvině | 0 | |
| 5. | Ester Ledecká si k sobotním n... | 29. narozeniny (28. a 30. za půl bodu) | 1 | |
| 6. | Toto literární téma vyhrálo mi... | Jméno růže | 0 | |
| 7. | Děj knihy se odehrává během tř... | Kdo chytá v žitě, J. D. Salinger | 0 | |
| 8. | Přiřaďte klasická díla ruské l... | 1A 2B 3D 4C | 0 | |
| 9. | Mezi nejčtenější knihy světa s... | A | 0 | |
| 10. | Na závěr se zaměříme na novějš... | Hvězdy nám nepřály | 1 |